Statistics for Five Countries With the Most Inland Water by Continent

Click here to take the quiz!

General Stats

  • This quiz has been taken 2,157 times
    (2,128 since last reset)
  • The average score is 21 of 30

Answer Stats

ContinentDataCountry% Correct
Europe720,500Russia
97%
Asia720,500Russia
97%
North America891,163Canada
94%
North America364,502United States
94%
Oceania58,459Australia
91%
Asia270,550China
91%
South America55,352Brazil
89%
North America20,430Mexico
89%
Oceania4,395New Zealand
89%
Asia302,393India
84%
South America100,210Colombia
80%
Africa77,810D.R. Congo
80%
Oceania9,980Papua New Guinea
78%
Europe39,960Sweden
78%
Europe34,330Finland
77%
Europe19,520Norway
75%
South America30,000Venezuela
75%
South America15,280Bolivia
71%
Africa61,500Tanzania
64%
Europe24,220Ukraine
64%
Asia93,000Indonesia
60%
North America10,380Nicaragua
60%
Africa43,938Uganda
58%
Oceania910Solomon Islands
57%
South America18,120Guyana
55%
Africa104,300Ethiopia
41%
Africa24,404Malawi
38%
Oceania11,673Marshall Islands
38%
Asia44,178Philippines
33%
North America3,870Bahamas
27%

Score Distribution

Percentile by Number Answered

Percent of People with Each Score

Your Score History

You have not taken this quiz since the last reset